Allgemeinwissen Quiz #3 - Statistiken

Allgemein
  • Dieses Quiz wurde 20.640 mal gespielt
    20.245 seit der letzten Aktualisierung
  • Das Durchschnittsergebnis liegt bei 9 aus 20
Antwortstatistiken
Hinweis Antwort % Korrekt
In welcher Stadt wird das originale Oktoberfest gefeiert? München
98%
Welche Tierart ist die größte der Welt? Blauwal
80%
Sushi wird oft in Nori eingewickelt geliefert. Nori ist eine Art wovon? Meeresalgen
73%
Welche Form hat SpongeBobs Hose? Rechteck
72%
Was ist der höchste Berg in Afrika? Kilimandscharo
60%
Aus welcher Stadt kommen die Beatles? Liverpool
58%
Welches asiatische Land hat Brasilien um 2017 überholt und ist das fünftbevölkerungsreichste Land der Welt? Pakistan
47%
Was ist die Hauptstadt von Saudi-Arabien? Riad
45%
Welches Reich bestand rund 200 Jahre in Mittelamerika mit der Hauptstadt Tenochtitlán? Azteken
39%
Wer wurde auf dem Ersten Vatikanischen Konzil von 1869/70 für "unfehlbar" erklärt? Der Papst
37%
Welche "geheime" Gesellschaft zählt vierzehn US-Präsidenten zu ihren Mitgliedern? Freimaurerei
30%
Wer war die zweite Person auf dem Mond? Buzz Aldrin
28%
Welche beiden Städte wurden im Alten Testament als Strafe für ihre Bosheit durch Feuer und Schwefel zerstört? Sodom
27%
Welcher Film von 1972 unter der Regie von Francis Ford Coppola gewann den Oscar für den besten Film? Der Pate
26%
Welche beiden Städte wurden laut Altem Testament als Strafe für ihre Bosheit durch Feuer und Schwefel zerstört? Gomorra
26%
In welchem Gebäude wurde Queen Elizabeth I begraben? Westminster Abbey
25%
Welche Stadt ist immer noch häufig unter ihrem alten Namen "Saigon" bekannt? Ho-Chi-Minh-Stadt
22%
Wer überquerte den Rubikon? Julius Caesar
21%
Welche Musiker sind die Eltern von Blue Ivy, Rumi und Sir? Beyoncé and Jay-Z
20%
Was ist ein Name für den Wendekreis des Steinbocks? {Südlicher} Wendekreis
17%
Keine übereinstimmenden Quizze gefunden
Verteilung der Resultate
Anzahl Personen mit jedem Resultat
Perzentil nach korrekt beantworteten Fragen
Ihre Resultats-Entwicklung
Sie haben dieses Quiz seit der letzten Aktualisierung nicht gespielt